[Event "Catalunya-chB"]
[Site "Spain"]
[Date "1996.10.20"]
[Round "3"]
[White "Conesa Rodriguez, Joaquin"]
[Black "Lafarga Lopez, Viktor"]
[Result "1-0"]
[WhiteElo "1965"]
[BlackElo "1960"]
[PlyCount "75"]
[EventDate "1997.??.??"]
[EventType "swiss"]
[EventRounds "8"]
[EventCountry "ESP"]
[SourceTitle "EXT 2003"]
[Source "ChessBase"]
[SourceDate "2002.11.25"]
[SourceVersion "1"]
[SourceVersionDate "2002.11.25"]
[SourceQuality "1"]

1. Nf3 Nf6 2. g3 g6 3. Bg2 Bg7 4. 0-0 0-0 5. c4 d6 6. Nc3 e5 7. d3 Nc6 8. Rb1 a5 9. Bg5 h6 10. Bd2 Nh5 11. Qc1 Kh7 12. Nd5 Ne7 13. a3 Nxd5 14. cxd5 f5 15. Qc2 g5 16. Rbc1 Rf7 17. h3 g4 18. hxg4 fxg4 19. Nh4 Kg8 20. Be4 Nf6 21. Bg6 Re7 22. Qc4 b6 23. Nf5 Bxf5 24. Bxf5 h5 25. Kg2 Qf8 26. Rh1 Bh6 27. Bxh6 Qxh6 28. Bxg4 b5 29. Qc6 Rb8 30. Bf3 Qg5 31. Rh4 Rh7 32. Rch1 b4 33. a4 Rf8 34. Qc2 Rff7 35. Qc1 Qxc1 36. Rxc1 Rh6 37. Rc6 Kg7 38. Ra6 1-0

[Event "Catalunya-chB"]
[Site "Spain"]
[Date "1996.10.06"]
[Round "1"]
[White "Moranta Miro, Antoni"]
[Black "Lafarga Lopez, Viktor"]
[Result "1-0"]
[WhiteElo "2030"]
[BlackElo "1960"]
[PlyCount "34"]
[EventDate "1997.??.??"]
[EventType "swiss"]
[EventRounds "8"]
[EventCountry "ESP"]
[SourceTitle "EXT 2003"]
[Source "ChessBase"]
[SourceDate "2002.11.25"]
[SourceVersion "1"]
[SourceVersionDate "2002.11.25"]
[SourceQuality "1"]

1. d4 Nf6 2. c4 g6 3. Nf3 Bg7 4. g3 0-0 5. Bg2 d6 6. Nc3 Nbd7 7. 0-0 c6 8. e4 e5 9. h3 h6 10. Be3 Ne8 11. Qd2 Kh7 12. Rad1 Qe7 13. Rfe1 c5 14. dxc5 dxc5 15. Nd5 Qe6 16. Nh4 b6 17. f4 Qc6 1-0